Stará radnica v Bratislave
Guardado en:
| Autor principal: | |
|---|---|
| Formato: | Libro |
| Lenguaje: | eslovaco |
| Publicado: |
Bratislava :
Tatran,
1987
|
| Materias: | |
| Etiquetas: |
Sin Etiquetas, Sea el primero en etiquetar este registro!
|
MARC
| LEADER | 00000nam a22000003a 4500 | ||
|---|---|---|---|
| 001 | stu234148 | ||
| 005 | 20150617230144.1 | ||
| 008 | 110908s1987------------------------slo-d | ||
| 040 | |a STU |b slo | ||
| 041 | 0 | |a slo | |
| 100 | 1 | |a Fiala, Andrej |4 aut | |
| 245 | 1 | |a Stará radnica v Bratislave | |
| 260 | |a Bratislava : |b Tatran, |c 1987 | ||
| 300 | |a 103 s | ||
| 650 | 7 | |a radnica |2 stusub | |
| 650 | 7 | |a Bratislava |2 stusub | |
| 996 | |b 284AU04949 |c A*7622 U |l AAKNAR |s A |a 24 |w stu234148_0001 | ||